Score 0/24 Timer 03:00
2 Plays Today
Movie Title Missing Word % Correct
Saving ____ RyanPrivate
98%
Good Will ____Hunting
95%
The ____ IdentityBourne
92.2%
____ GritTrue
90%
Stuck on ____You
85.9%
____ ElevenOcean's
84.8%
The ____ GrimmBrothers
84.5%
Courage Under ____Fire
82.3%
We Bought a ____Zoo
76.7%
The ____ ShepherdGood
76.2%
The ____ of Bagger VanceLegend
70.3%
The Monuments ____Men
68.6%
Movie Title Missing Word % Correct
The ____ Mr. RipleyTalented
66.6%
____ v FerrariFord
65.5%
The Adjustment ____Bureau
64.1%
Mystic ____Pizza
52.2%
Geronimo: An ____ LegendAmerican
47.5%
All the Pretty ____Horses
46.6%
____ ForresterFinding
45%
____ of a Dangerous MindConfessions
30%
____ A.E.Titan
27.4%
Green ____Zone
22%
Spirit: ____ of the CimarronStallion
19.6%
____ TiesSchool
17.7%

Today's Daily Dose

You're not logged in!

Compare scores with friends on all Sporcle quizzes.
OR
Log In

Sporcle TV

Today on Sporcle TV


Watch our educational content, quiz creation guides, and fun videos on Sporcle TV.

Show Comments

Extras

Top Quizzes Today


Score Distribution

Paid Content

Your Account Isn't Verified!

In order to create a playlist on Sporcle, you need to verify the email address you used during registration. Go to your Sporcle Settings to finish the process.

Report this User

Report this user for behavior that violates our Community Guidelines.

Details: